Expériences et observations sur l'électricité faites à Philadelphie en Amérique (Record no. 256865)
[ view plain ]
| 000 -LEADER | |
|---|---|
| fixed length control field | 01042cam a22003013a 4500 |
| 001 - CONTROL NUMBER | |
| control field | 27610 |
| 003 - CONTROL NUMBER IDENTIFIER | |
| control field | PGUSA |
| 005 - DATE AND TIME OF LATEST TRANSACTION | |
| control field | 20140828083610.0 |
| 008 - FIXED-LENGTH DATA ELEMENTS--GENERAL INFORMATION | |
| fixed length control field | 081225s2008||||xxu|||||s|||||000 | eng d |
| 040 ## - CATALOGING SOURCE | |
| Original cataloging agency | PGUSA |
| Language of cataloging | eng |
| 042 ## - AUTHENTICATION CODE | |
| Authentication code | dc |
| 050 #4 - LIBRARY OF CONGRESS CALL NUMBER | |
| Classification number | QC |
| 100 1# - MAIN ENTRY--PERSONAL NAME | |
| Personal name | Franklin, Benjamin, |
| Dates associated with a name | 1706-1790 |
| 245 10 - TITLE STATEMENT | |
| Title | Expériences et observations sur l'électricité faites à Philadelphie en Amérique |
| Medium | [electronic resource] / |
| Statement of responsibility, etc | Benjamin Franklin |
| 260 ## - PUBLICATION, DISTRIBUTION, ETC. (IMPRINT) | |
| Name of publisher, distributor, etc | Project Gutenberg, |
| Date of publication, distribution, etc | 2008 |
| 506 ## - RESTRICTIONS ON ACCESS NOTE | |
| Terms governing access | Public domain in the USA. |
| 516 ## - TYPE OF COMPUTER FILE OR DATA NOTE | |
| Type of computer file or data note | Electronic text |
| 653 ## - INDEX TERM--UNCONTROLLED | |
| Uncontrolled term | Electricity -- History |
| 653 ## - INDEX TERM--UNCONTROLLED | |
| Uncontrolled term | Electricity -- Early works to 1850 |
| 653 ## - INDEX TERM--UNCONTROLLED | |
| Uncontrolled term | Nollet, abbé (Jean Antoine), 1700-1770. Lettres sur l'électricité |
| 700 1# - ADDED ENTRY--PERSONAL NAME | |
| Personal name | Colden, David, |
| Dates associated with a name | 1733-1784 |
| 700 1# - ADDED ENTRY--PERSONAL NAME | |
| Personal name | Canton, John, |
| Dates associated with a name | 1718-1772 |
| 700 1# - ADDED ENTRY--PERSONAL NAME | |
| Personal name | Dalibard, Thomas François, |
| Dates associated with a name | 1703-1799 |
| 740 0# - ADDED ENTRY--UNCONTROLLED RELATED/ANALYTICAL TITLE | |
| Uncontrolled related/analytical title | Experiments and observations on electricity. French |
| 830 #0 - SERIES ADDED ENTRY--UNIFORM TITLE | |
| Uniform title | Project Gutenberg |
| Volume number/sequential designation | 27610 |
| 856 40 - ELECTRONIC LOCATION AND ACCESS | |
| Uniform Resource Identifier | <a href="http://www.gutenberg.org/ebooks/27610">http://www.gutenberg.org/ebooks/27610</a> |
| 942 ## - ADDED ENTRY ELEMENTS (KOHA) | |
| Koha item type | eBooks |
| Withdrawn status | Lost status | Damaged status | Home library | Current library | Date acquired | Total Checkouts | Date last seen | Price effective from | Koha item type |
|---|---|---|---|---|---|---|---|---|---|
| Project Gutenberg | Project Gutenberg | 08/28/2014 | 08/28/2014 | 08/28/2014 | eBooks |